| 000 | 00675nam a2200241Ia 4500 | ||
|---|---|---|---|
| 005 | 20260430150706.0 | ||
| 008 | 008 250103s9999 xx 000 0 eng d | ||
| 037 | _aTheses | ||
| 040 | _aCRL | ||
| 040 | _beng | ||
| 040 | _ceng | ||
| 041 | _2eng | ||
| 041 | _aeng | ||
| 084 | _qCRL | ||
| 100 |
_aUma Au.; Kapoor Rashmi Gu. _91238227 |
||
| 245 | 0 | _aDeterminants of Female Participation in the Labour Force: A Comparative Study of South Africa and India | |
| 260 | _c2024 | ||
| 300 | _a339p. | ||
| 650 | _aAfrican Literature | ||
| 700 | _aUniversity of Delhi. Faculty of Social Science. Deptt. of African Studies | ||
| 942 | _cTH | ||
| 999 |
_c1850403 _d1850403 |
||